[Event "GBR-ch78"]
[Site "Eastbourne"]
[Date "1991.08.05"]
[Round "7.6"]
[White "Jackson, Oliver"]
[Black "Plaskett, H James"]
[Result "0-1"]
[WhiteElo "2345"]
[BlackElo "2465"]
[PlyCount "64"]
[EventDate "1991.07.29"]
[EventType "swiss"]
[EventRounds "11"]
[EventCountry "GBR"]
[SourceTitle "EXT 1997"]
[Source "ChessBase"]
[SourceDate "1996.11.15"]
[SourceVersion "1"]
[SourceVersionDate "1996.11.15"]
[SourceQuality "1"]

1. e4 c5 2. Nc3 e6 3. f4 Nc6 4. Nf3 a6 5. g3 d5 6. Bg2 Nf6 7. d3 Be7 8. O-O O-O
9. Ne5 Nd4 10. Kh1 b5 11. Ne2 Bb7 12. c3 Nxe2 13. Qxe2 Nd7 14. Nxd7 Qxd7 15.
Be3 Rfd8 16. Rfd1 Rac8 17. Rac1 dxe4 18. dxe4 Qc6 19. e5 Qb6 20. b3 Bxg2+ 21.
Qxg2 Qa5 22. Qc2 h5 23. Kg2 g6 24. h3 Qa3 25. Kf2 c4 26. b4 a5 27. Rxd8+ Rxd8
28. bxa5 Rd3 29. Bb6 Bc5+ 30. Kg2 h4 31. Bxc5 Qxc5 32. Qf2 Qd5+ 0-1

[Event "GBR-ch78"]
[Site "Eastbourne"]
[Date "1991.08.05"]
[Round "7.7"]
[White "Anagnostopoulos, Dimitrios"]
[Black "Rogers, Jonathan"]
[Result "1-0"]
[WhiteElo "2395"]
[BlackElo "2245"]
[PlyCount "59"]
[EventDate "1991.07.29"]
[EventType "swiss"]
[EventRounds "11"]
[EventCountry "GBR"]
[SourceTitle "EXT 1997"]
[Source "ChessBase"]
[SourceDate "1996.11.15"]
[SourceVersion "1"]
[SourceVersionDate "1996.11.15"]
[SourceQuality "1"]

1. e4 d5 2. exd5 Nf6 3. d4 Nxd5 4. Nf3 c5 5. c4 Nf6 6. Nc3 e6 7. Be2 cxd4 8.
Qxd4 Nbd7 9. O-O Be7 10. Bf4 O-O 11. Rfd1 Qa5 12. Bd6 e5 13. Qd2 Bxd6 14. Qxd6
e4 15. Nd2 Qf5 16. Qd4 Nc5 17. b4 Ne6 18. Qe3 Nf4 19. Ndxe4 Nxe4 20. Nxe4 Be6
21. Bf1 Rad8 22. Nd6 Qg4 23. Rd4 g5 24. g3 Kh8 25. f3 Nh3+ 26. Bxh3 Qxh3 27.
Qxg5 f6 28. Nf7+ Bxf7 29. Qxf6+ Kg8 30. Rxd8 1-0

[Event "GBR-ch78"]
[Site "Eastbourne"]
[Date "1991.08.05"]
[Round "7.8"]
[White "Rahman, Zillur"]
[Black "Hennigan, Michael T"]
[Result "0-1"]
[WhiteElo "2380"]
[BlackElo "2300"]
[PlyCount "85"]
[EventDate "1991.07.29"]
[EventType "swiss"]
[EventRounds "11"]
[EventCountry "GBR"]
[SourceTitle "EXT 1997"]
[Source "ChessBase"]
[SourceDate "1996.11.15"]
[SourceVersion "1"]
[SourceVersionDate "1996.11.15"]
[SourceQuality "1"]

1. e4 d6 2. g3 g6 3. Bg2 Bg7 4. Ne2 Nf6 5. O-O O-O 6. f4 c5 7. d3 Nc6 8. h3 Rb8
9. c4 Nd7 10. Nbc3 a6 11. Be3 Nd4 12. f5 b5 13. cxb5 axb5 14. Qd2 b4 15. Nd5
Nxe2+ 16. Qxe2 Bb7 17. Qd2 Bxd5 18. exd5 Ne5 19. Be4 Ra8 20. Kg2 Qd7 21. Bh6
Ra7 22. Bxg7 Kxg7 23. g4 Rfa8 24. b3 Ra3 25. g5 Qa7 26. f6+ Kg8 27. Rf2 Rxb3
28. axb3 Qxa1 29. Qf4 Qa7 30. Qh4 Qb8 31. Rc2 Qd8 32. Qf4 Nd7 33. Rf2 Ne5 34.
h4 Ra1 35. h5 exf6 36. gxf6 Qc8 37. d4 Qg4+ 38. Qxg4 Nxg4 39. Rd2 Nxf6 40. Bf3
Ra5 41. h6 Kf8 42. dxc5 Rxc5 43. Kg3 0-1

[Event "GBR-ch78"]
[Site "Eastbourne"]
[Date "1991.08.05"]
[Round "7.9"]
[White "Rosenberg, Daniel"]
[Black "McDonald, Neil R"]
[Result "1/2-1/2"]
[WhiteElo "2230"]
[BlackElo "2390"]
[PlyCount "100"]
[EventDate "1991.07.29"]
[EventType "swiss"]
[EventRounds "11"]
[EventCountry "GBR"]
[SourceTitle "EXT 1997"]
[Source "ChessBase"]
[SourceDate "1996.11.15"]
[SourceVersion "1"]
[SourceVersionDate "1996.11.15"]
[SourceQuality "1"]

1. d4 Nf6 2. c4 g6 3. Nc3 Bg7 4. e4 d6 5. Nf3 O-O 6. Be2 e5 7. O-O Nc6 8. d5
Ne7 9. Ne1 Nd7 10. Nd3 f5 11. Bd2 Kh8 12. Rc1 Nf6 13. f3 c5 14. g4 a6 15. Nf2
Bd7 16. Rb1 b5 17. cxb5 axb5 18. Nxb5 Bxb5 19. Bxb5 Rxa2 20. b4 cxb4 21. Rxb4
fxe4 22. fxe4 Nexd5 23. exd5 Nxd5 24. Rb3 Qa8 25. Bc4 Rxd2 26. Qxd2 Nf4 27. Rg3
Rc8 28. Qa2 Qc6 29. Bd3 d5 30. Nh3 Nxh3+ 31. Rxh3 e4 32. Be2 d4 33. Qa6 d3 34.
Qxc6 Rxc6 35. Bxd3 Rc3 36. Rd1 Bd4+ 37. Kg2 exd3 38. Rdxd3 Rxd3 39. Rxd3 Bf6
40. Rd6 Ba1 41. Rd7 Kg8 42. Kf3 Be5 43. h4 Bf6 44. g5 Bc3 45. Kg4 Bb4 46. Kf4
Be1 47. Ke5 Bxh4 48. Kf6 h6 49. Kxg6 Bxg5 50. Ra7 Kf8 1/2-1/2

[Event "GBR-ch78"]
[Site "Eastbourne"]
[Date "1991.08.05"]
[Round "7.10"]
[White "Cooper, John Grantley"]
[Black "Mortazavi, Ali"]
[Result "1/2-1/2"]
[WhiteElo "2370"]
[BlackElo "2275"]
[PlyCount "109"]
[EventDate "1991.07.29"]
[EventType "swiss"]
[EventRounds "11"]
[EventCountry "GBR"]
[SourceTitle "EXT 1997"]
[Source "ChessBase"]
[SourceDate "1996.11.15"]
[SourceVersion "1"]
[SourceVersionDate "1996.11.15"]
[SourceQuality "1"]

1. d4 Nf6 2. c4 g6 3. Nc3 Bg7 4. e4 d6 5. Nf3 O-O 6. Be2 e5 7. d5 a5 8. Bg5 h6
9. Bh4 Na6 10. Nd2 h5 11. O-O Bh6 12. f4 exf4 13. Nf3 Bg4 14. Qd4 Bg7 15. Qd2
Bxf3 16. Bxf3 Qe8 17. Qxf4 Nd7 18. Rae1 Qe5 19. Qc1 Ndc5 20. Rd1 Rfe8 21. Kh1
a4 22. a3 Nb3 23. Qc2 Nd4 24. Qf2 Nc5 25. Bg3 Qf6 26. Qe1 Qd8 27. Qf2 Nxf3 28.
Qxf3 Qd7 29. Rde1 Be5 30. Bh4 Nb3 31. Rd1 Nc5 32. Rde1 Rf8 33. h3 Rae8 34. Bf6
Bxf6 35. Qxf6 Re5 36. Re3 Qe7 37. Qxe7 Rxe7 38. g4 Re5 39. Kg2 Rfe8 40. Ref3
R8e7 41. Rf4 hxg4 42. hxg4 b6 43. Rd1 Kg7 44. Kf3 f6 45. Kg2 g5 46. Rf3 Rxe4
47. Nxe4 Rxe4 48. Kh3 Nd7 49. Rdf1 Rd4 50. R1f2 Re4 51. Rf1 Re8 52. Kg2 Re4 53.
Kh3 Kg6 54. Kg3 Kg7 55. Kh3 1/2-1/2

[Event "GBR-ch78"]
[Site "Eastbourne"]
[Date "1991.08.05"]
[Round "7.11"]
[White "Basman, Michael J"]
[Black "Thipsay, Bagyashree Sathe"]
[Result "1-0"]
[WhiteElo "2365"]
[BlackElo "2185"]
[PlyCount "43"]
[EventDate "1991.07.29"]
[EventType "swiss"]
[EventRounds "11"]
[EventCountry "GBR"]
[SourceTitle "EXT 1997"]
[Source "ChessBase"]
[SourceDate "1996.11.15"]
[SourceVersion "1"]
[SourceVersionDate "1996.11.15"]
[SourceQuality "1"]

1. h3 d5 2. b4 Nf6 3. Nf3 e6 4. a3 Nbd7 5. e3 Bd6 6. c4 c6 7. Nc3 O-O 8. Bb2
Re8 9. Qc2 a5 10. b5 c5 11. g4 dxc4 12. Bxc4 Nb6 13. Be2 Bf8 14. g5 Nfd7 15. h4
Nd5 16. h5 Nxc3 17. Bxc3 b6 18. Bd3 f5 19. gxf6 Nxf6 20. Ng5 Ra7 21. Bxh7+ Kh8
22. h6 1-0

[Event "GBR-ch78"]
[Site "Eastbourne"]
[Date "1991.08.05"]
[Round "7.12"]
[White "Lalic, Susan"]
[Black "Ledger, Andrew"]
[Result "1-0"]
[WhiteElo "2275"]
[BlackElo "2345"]
[PlyCount "107"]
[EventDate "1991.07.29"]
[EventType "swiss"]
[EventRounds "11"]
[EventCountry "GBR"]
[SourceTitle "EXT 1997"]
[Source "ChessBase"]
[SourceDate "1996.11.15"]
[SourceVersion "1"]
[SourceVersionDate "1996.11.15"]
[SourceQuality "1"]

1. e4 g6 2. d4 Bg7 3. Nc3 c6 4. f4 d5 5. e5 h5 6. Nf3 Nh6 7. Be3 Bg4 8. Be2 e6
9. h3 Bxf3 10. Bxf3 Nf5 11. Bf2 h4 12. Ne2 Nd7 13. Bg4 Bf8 14. O-O Be7 15. Kh2
Qc7 16. b3 b5 17. c3 Nb6 18. Qd3 a5 19. Ng1 Kd7 20. Nf3 Nh6 21. Nd2 f5 22. Be2
Rag8 23. a4 bxa4 24. c4 g5 25. fxg5 Nf7 26. c5 Nc8 27. Rxa4 Rxg5 28. Nf3 Rg7
29. Rfa1 Bd8 30. b4 axb4 31. Rxb4 Bg5 32. Nxg5 Nxg5 33. Rab1 Kd8 34. Qa6 Ne4
35. Rb7 Nxf2 36. Rxc7 Rxc7 37. Rb8 Kd7 38. Qa8 Ne4 39. Ba6 Nc3 40. Rb7 Nb5 41.
Bxb5 cxb5 42. Rxb5 Rg8 43. Rb7 Rg7 44. Qa6 Re7 45. Kg1 Kd8 46. Rb8 Kd7 47. Kf2
Rg7 48. Rxc8 Rxc8 49. Qb7+ Rc7 50. c6+ Kd8 51. Qb8+ Rc8 52. Qd6+ Ke8 53. Qxe6+
Kd8 54. Qf6+ 1-0

[Event "GBR-ch78"]
[Site "Eastbourne"]
[Date "1991.08.05"]
[Round "7.13"]
[White "Britton, Richard"]
[Black "Parker, Jonathan"]
[Result "1/2-1/2"]
[WhiteElo "2255"]
[BlackElo "2335"]
[PlyCount "88"]
[EventDate "1991.07.29"]
[EventType "swiss"]
[EventRounds "11"]
[EventCountry "GBR"]
[SourceTitle "EXT 1997"]
[Source "ChessBase"]
[SourceDate "1996.11.15"]
[SourceVersion "1"]
[SourceVersionDate "1996.11.15"]
[SourceQuality "1"]

1. Nf3 c5 2. g3 Nc6 3. Bg2 g6 4. O-O Bg7 5. e4 d6 6. Re1 Bg4 7. h3 Bxf3 8. Qxf3
Nf6 9. d3 O-O 10. c3 Rc8 11. Qe2 Nd7 12. Nd2 b5 13. Nf3 b4 14. Bd2 a5 15. a4
Rb8 16. Qd1 Qc7 17. Qc1 Rb7 18. Bh6 Nce5 19. Bxg7 Kxg7 20. Qe3 Rfb8 21. Nd2 c4
22. dxc4 Kg8 23. f4 Nxc4 24. Nxc4 Qxc4 25. e5 bxc3 26. Qxc3 Rc7 27. exd6 exd6
28. Re7 Qxc3 29. bxc3 Rbc8 30. Rd1 Kf8 31. Re2 Nb6 32. Rxd6 Nxa4 33. Ra2 Nxc3
34. Rxa5 Ne2+ 35. Kh2 Rc3 36. Ra7 R8c7 37. Rxc7 Rxc7 38. Rd2 Nc1 39. Kg1 Rc3
40. Kf2 Nd3+ 41. Ke3 Nb4+ 42. Kf2 Ke7 43. Be4 h5 44. h4 Ke6 1/2-1/2

[Event "GBR-ch78"]
[Site "Eastbourne"]
[Date "1991.08.05"]
[Round "7.14"]
[White "Summerscale, Aaron"]
[Black "Rayner, Francis"]
[Result "0-1"]
[WhiteElo "2325"]
[BlackElo "2265"]
[PlyCount "110"]
[EventDate "1991.07.29"]
[EventType "swiss"]
[EventRounds "11"]
[EventCountry "GBR"]
[SourceTitle "EXT 1997"]
[Source "ChessBase"]
[SourceDate "1996.11.15"]
[SourceVersion "1"]
[SourceVersionDate "1996.11.15"]
[SourceQuality "1"]

1. Nf3 Nf6 2. d4 g6 3. Bg5 Bg7 4. Nbd2 d5 5. e3 O-O 6. Bd3 Nbd7 7. O-O c5 8. c3
b6 9. Bh4 Bb7 10. Ne5 Ne8 11. f4 Nd6 12. Qa4 Nf6 13. dxc5 bxc5 14. Bxf6 exf6
15. Nd7 Qe8 16. e4 dxe4 17. Rae1 Rd8 18. Nxe4 Bxe4 19. Bb5 Nxb5 20. Nxf8 f5 21.
Rd1 Bc6 22. Rxd8 Qxd8 23. Rd1 Qxf8 24. Qa5 Bf6 25. a4 Qe7 26. axb5 Qe2 27. bxc6
Qxd1+ 28. Kf2 Qd2+ 29. Kf1 Qxf4+ 30. Kg1 Qe3+ 31. Kf1 Qd3+ 32. Kf2 Qc2+ 33. Kf1
Qc1+ 34. Ke2 Qxb2+ 35. Kf3 Be5 36. Qxc5 Qb6 37. h3 h5 38. Ke2 Qc7 39. c4 Kg7
40. Qb5 Kf6 41. Kd3 Qb6 42. Qd5 Qb1+ 43. Kd2 Bf4+ 44. Kc3 Qe4 45. Qd7 Qe5+ 46.
Kb3 Qc5 47. Qe8 Kg7 48. Qc8 Bd6 49. Kc3 a5 50. Qa6 Qb4+ 51. Kd3 a4 52. Qa7 Qb3+
53. Kd4 Qb2+ 54. Kd3 a3 55. c5 Be5 0-1

[Event "GBR-ch78"]
[Site "Eastbourne"]
[Date "1991.08.05"]
[Round "7.15"]
[White "Norwood, David"]
[Black "Coleman, David J"]
[Result "1-0"]
[WhiteElo "2500"]
[BlackElo "2265"]
[PlyCount "73"]
[EventDate "1991.07.29"]
[EventType "swiss"]
[EventRounds "11"]
[EventCountry "GBR"]
[SourceTitle "EXT 1997"]
[Source "ChessBase"]
[SourceDate "1996.11.15"]
[SourceVersion "1"]
[SourceVersionDate "1996.11.15"]
[SourceQuality "1"]

1. Nf3 c5 2. c4 g6 3. Nc3 Bg7 4. e3 Nf6 5. d4 O-O 6. Be2 d5 7. O-O cxd4 8. exd4
Nc6 9. Re1 Be6 10. c5 Ne4 11. Be3 Qa5 12. Qc1 Rac8 13. a3 f5 14. b4 Qd8 15. g3
Kh8 16. Bd3 Qd7 17. Ne2 f4 18. gxf4 Bg4 19. Ne5 Nxe5 20. fxe5 Bf3 21. Ng3 h5
22. Bf1 h4 23. Nxe4 Bxe4 24. h3 Rf3 25. Bg5 Rcf8 26. Bxh4 R8f4 27. Bg3 Bh6 28.
Bg2 Qf5 29. Bxf3 Bxf3 30. Kh2 Rh4 31. Bxh4 Bxc1 32. Raxc1 Qf4+ 33. Bg3 Qxd4 34.
b5 Be4 35. c6 bxc6 36. bxc6 Bf5 37. e6 1-0

[Event "GBR-ch78"]
[Site "Eastbourne"]
[Date "1991.08.05"]
[Round "7.16"]
[White "Knox, Victor W"]
[Black "Arkell, Keith C"]
[Result "0-1"]
[WhiteElo "2310"]
[BlackElo "2455"]
[PlyCount "70"]
[EventDate "1991.07.29"]
[EventType "swiss"]
[EventRounds "11"]
[EventCountry "GBR"]
[SourceTitle "EXT 1997"]
[Source "ChessBase"]
[SourceDate "1996.11.15"]
[SourceVersion "1"]
[SourceVersionDate "1996.11.15"]
[SourceQuality "1"]

1. e4 c6 2. d4 d5 3. Nc3 dxe4 4. Nxe4 Nd7 5. Nf3 Ngf6 6. Nxf6+ Nxf6 7. Ne5 Be6
8. Be2 g6 9. O-O Bg7 10. c4 O-O 11. Be3 Nd7 12. Nf3 Nf6 13. Qd2 Ne4 14. Qc2 Nd6
15. Rad1 Nf5 16. Bf4 Qa5 17. Rd3 b5 18. cxb5 Qxb5 19. Rc3 Qb7 20. Rxc6 Rac8 21.
Rc1 Rxc6 22. Qxc6 Qxb2 23. d5 Rc8 24. Qxc8+ Bxc8 25. Rxc8+ Bf8 26. Bf1 Qxa2 27.
g4 Nd6 28. Rb8 Kg7 29. Ne5 Ne4 30. Be3 Qxd5 31. f4 f6 32. Nf3 a5 33. Rb5 Qd1
34. Kg2 Qc2+ 35. Kh3 Qc3 0-1

[Event "GBR-ch78"]
[Site "Eastbourne"]
[Date "1991.08.05"]
[Round "7.24"]
[White "Buckley, Graeme"]
[Black "Forbes, Cathy"]
[Result "1-0"]
[WhiteElo "2285"]
[BlackElo "2140"]
[PlyCount "55"]
[EventDate "1991.07.29"]
[EventType "swiss"]
[EventRounds "11"]
[EventCountry "GBR"]
[SourceTitle "EXT 1997"]
[Source "ChessBase"]
[SourceDate "1996.11.15"]
[SourceVersion "1"]
[SourceVersionDate "1996.11.15"]
[SourceQuality "1"]

1. d4 Nf6 2. c4 e6 3. Nc3 c5 4. d5 exd5 5. cxd5 d6 6. e4 g6 7. h3 Bg7 8. Nf3
O-O 9. Bd3 b5 10. Nxb5 Nxe4 11. Bxe4 Re8 12. Ng5 h6 13. Ne6 Qa5+ 14. Nc3 Bxc3+
15. bxc3 Qxc3+ 16. Bd2 Qe5 17. O-O Bxe6 18. Re1 Bd7 19. Bxg6 Qg7 20. Bd3 a5 21.
Qh5 Re5 22. Qh4 h5 23. Rxe5 dxe5 24. Re1 f6 25. Re3 Qf7 26. Rg3+ Kf8 27. Bh6+
Ke7 28. Rg7 1-0

[Event "GBR-ch78"]
[Site "Eastbourne"]
[Date "1991.08.05"]
[Round "7.31"]
[White "Keogh, Eamon"]
[Black "Dhar Barua, Saheli"]
[Result "1-0"]
[WhiteElo "2225"]
[BlackElo "2075"]
[PlyCount "57"]
[EventDate "1991.07.29"]
[EventType "swiss"]
[EventRounds "11"]
[EventCountry "GBR"]
[SourceTitle "EXT 1997"]
[Source "ChessBase"]
[SourceDate "1996.11.15"]
[SourceVersion "1"]
[SourceVersionDate "1996.11.15"]
[SourceQuality "1"]

1. e4 e5 2. Nc3 Nf6 3. Bc4 Bc5 4. d3 h6 5. f4 d6 6. Nf3 exf4 7. Bxf4 a6 8. d4
Bb4 9. Qe2 O-O 10. O-O Re8 11. Bxf7+ Kxf7 12. Qc4+ Kg6 13. Qxb4 Nxe4 14. d5 Nf6
15. Qc4 Kh7 16. Qd3+ Kh8 17. Qg6 Nbd7 18. Bxh6 gxh6 19. Qxh6+ Nh7 20. Rae1 Rg8
21. Ne4 Qf8 22. Qh4 Qg7 23. Neg5 Ndf6 24. Rf2 Bd7 25. Nxh7 Nxh7 26. Re7 Qg6 27.
Ng5 Rg7 28. Rxg7 Kxg7 29. Nxh7 1-0

[Event "GBR-ch78"]
[Site "Eastbourne"]
[Date "1991.08.06"]
[Round "8.1"]
[White "Martin, Andrew D"]
[Black "Hodgson, Julian M"]
[Result "0-1"]
[WhiteElo "2415"]
[BlackElo "2570"]
[PlyCount "66"]
[EventDate "1991.07.29"]
[EventType "swiss"]
[EventRounds "11"]
[EventCountry "GBR"]
[SourceTitle "EXT 1997"]
[Source "ChessBase"]
[SourceDate "1996.11.15"]
[SourceVersion "1"]
[SourceVersionDate "1996.11.15"]
[SourceQuality "1"]

1. Nf3 d6 2. c4 Bg4 3. Qb3 Qc8 4. d4 g6 5. h3 Bxf3 6. Qxf3 Bg7 7. e3 Nd7 8. b3
e5 9. Bb2 Ne7 10. Na3 O-O 11. O-O-O a5 12. g4 Nc6 13. Nc2 a4 14. b4 a3 15. Bc3
Nb6 16. h4 Na4 17. Ba1 Nb2 18. Rd2 Ra4 19. b5 Nb4 20. Nxb4 Rxb4 21. Bxb2 axb2+
22. Rxb2 Rxb2 23. Kxb2 exd4 24. exd4 Bxd4+ 25. Kb1 Re8 26. Bg2 Qe6 27. Rc1 Bg7
28. Qe3 Qd7 29. Qf3 Qe7 30. Qe3 Qd8 31. Qf4 c6 32. g5 Qa5 33. Qxd6 Re2 0-1

[Event "GBR-ch78"]
[Site "Eastbourne"]
[Date "1991.08.06"]
[Round "8.2"]
[White "Barua, Dibyendu"]
[Black "Wells, Peter K"]
[Result "1-0"]
[WhiteElo "2550"]
[BlackElo "2465"]
[PlyCount "130"]
[EventDate "1991.07.29"]
[EventType "swiss"]
[EventRounds "11"]
[EventCountry "GBR"]
[SourceTitle "EXT 1997"]
[Source "ChessBase"]
[SourceDate "1996.11.15"]
[SourceVersion "1"]
[SourceVersionDate "1996.11.15"]
[SourceQuality "1"]

1. e4 e5 2. Nf3 Nc6 3. Bc4 Nf6 4. d3 Be7 5. O-O O-O 6. Re1 d6 7. a4 Na5 8. Ba2
c5 9. c3 Nc6 10. Nbd2 Be6 11. Nc4 h6 12. h3 Re8 13. Ne3 Bxa2 14. Rxa2 Bf8 15.
Qb3 Qd7 16. a5 Rab8 17. Ra1 g6 18. Qa4 Bg7 19. Nd5 Qd8 20. Nxf6+ Qxf6 21. b4
cxb4 22. cxb4 d5 23. Bb2 dxe4 24. dxe4 Nd4 25. Bxd4 exd4 26. e5 Qf4 27. Rad1
Bxe5 28. Qb5 a6 29. Qd5 Bg7 30. Rxe8+ Rxe8 31. Qxb7 Qb8 32. Qxa6 Qxb4 33. Qc6
Re6 34. Qc8+ Kh7 35. Qd7 Qxa5 36. Qxf7 Qd5 37. Qa7 Kg8 38. Rb1 Re8 39. Rb7 Bf6
40. Rd7 Qe6 41. Qb7 h5 42. h4 Qe4 43. Qb6 Qf5 44. Rd6 Kg7 45. Qc6 Re7 46. g3
Rf7 47. Kg2 d3 48. Qd5 Qxd5 49. Rxd5 Rb7 50. Rxd3 Kf7 51. Nd2 Rb4 52. Ra3 Rd4
53. Ra2 Rb4 54. Kf3 Rb2 55. Ra7+ Ke6 56. Ne4 Be7 57. Kf4 Rb4 58. f3 g5+ 59.
hxg5 Bd6+ 60. Ke3 Rb3+ 61. Ke2 Rb2+ 62. Kf1 Be5 63. Rh7 Rb1+ 64. Kg2 Rb2+ 65.
Kh3 Rb3 1-0

[Event "GBR-ch78"]
[Site "Eastbourne"]
[Date "1991.08.06"]
[Round "8.3"]
[White "Hennigan, Michael T"]
[Black "Thipsay, Praveen Mahadeo"]
[Result "0-1"]
[WhiteElo "2300"]
[BlackElo "2490"]
[PlyCount "84"]
[EventDate "1991.07.29"]
[EventType "swiss"]
[EventRounds "11"]
[EventCountry "GBR"]
[SourceTitle "EXT 1997"]
[Source "ChessBase"]
[SourceDate "1996.11.15"]
[SourceVersion "1"]
[SourceVersionDate "1996.11.15"]
[SourceQuality "1"]

1. e4 e5 2. Nf3 Nc6 3. Bb5 a6 4. Ba4 Nf6 5. O-O Be7 6. Re1 b5 7. Bb3 d6 8. c3
O-O 9. d3 Na5 10. Bc2 c5 11. Nbd2 Re8 12. Nf1 Nc6 13. h3 Qc7 14. Bg5 h6 15. Bh4
Nh7 16. Bxe7 Nxe7 17. d4 Nf6 18. Ne3 Be6 19. Nh2 cxd4 20. cxd4 Rac8 21. d5 Bd7
22. Nhg4 Nxg4 23. hxg4 Qc5 24. Bd3 Qd4 25. Qe2 Rc7 26. Rac1 Rec8 27. Rxc7 Rxc7
28. Rd1 g6 29. Bb1 Qb6 30. Qd2 Kg7 31. Rc1 Rxc1+ 32. Qxc1 Ng8 33. f3 Nf6 34.
Qd2 a5 35. Qf2 Qd4 36. Nf1 Qd1 37. Bc2 Qa1 38. Qb6 Qxa2 39. Qxd6 Qxb2 40. Qc7
a4 41. f4 Qd4+ 42. Kh1 Qf2 0-1

[Event "GBR-ch78"]
[Site "Eastbourne"]
[Date "1991.08.06"]
[Round "8.4"]
[White "Plaskett, H James"]
[Black "Anagnostopoulos, Dimitrios"]
[Result "0-1"]
[WhiteElo "2465"]
[BlackElo "2395"]
[PlyCount "53"]
[EventDate "1991.07.29"]
[EventType "swiss"]
[EventRounds "11"]
[EventCountry "GBR"]
[SourceTitle "EXT 1997"]
[Source "ChessBase"]
[SourceDate "1996.11.15"]
[SourceVersion "1"]
[SourceVersionDate "1996.11.15"]
[SourceQuality "1"]

1. d4 Nf6 2. c4 g6 3. Nc3 Bg7 4. e4 d6 5. f3 O-O 6. Be3 a6 7. Bd3 Nc6 8. Nge2
e5 9. d5 Ne7 10. b4 Nd7 11. c5 f5 12. Rc1 Nf6 13. O-O Rb8 14. Qc2 b6 15. Na4 b5
16. cxd6 cxd6 17. Qc7 Qxc7 18. Rxc7 Nexd5 19. exd5 Nxd5 20. Ba7 Rb7 21. Rxb7
Bxb7 22. Nb6 Nxb4 23. Bb1 Nc6 24. a4 Nxa7 25. Rc1 Bc6 26. Ba2+ Kh8 27. Nc3 0-1

[Event "GBR-ch78"]
[Site "Eastbourne"]
[Date "1991.08.06"]
[Round "8.5"]
[White "Mishra, Neeraj Kumar"]
[Black "Hebden, Mark"]
[Result "0-1"]
[WhiteElo "2375"]
[BlackElo "2485"]
[PlyCount "82"]
[EventDate "1991.07.29"]
[EventType "swiss"]
[EventRounds "11"]
[EventCountry "GBR"]
[SourceTitle "EXT 1997"]
[Source "ChessBase"]
[SourceDate "1996.11.15"]
[SourceVersion "1"]
[SourceVersionDate "1996.11.15"]
[SourceQuality "1"]

1. d4 Nf6 2. c4 c5 3. Nf3 cxd4 4. Nxd4 e5 5. Nb5 d5 6. cxd5 Bc5 7. e3 O-O 8.
Be2 e4 9. N1c3 Bf5 10. O-O a6 11. Nd4 Bg6 12. b3 Nxd5 13. Bb2 Nxc3 14. Bxc3 Qg5
15. Rc1 Rd8 16. Qc2 Nd7 17. Qb2 Bd6 18. f4 exf3 19. Bxf3 Nc5 20. Rcd1 Qxe3+ 21.
Kh1 Qh6 22. g3 Bxg3 23. Qg2 Ne4 24. Bb2 Qh4 25. Kg1 Bf4 26. Rde1 Nd2 27. Bxb7
Nxf1 28. Rxf1 Rab8 29. Nf3 Qh6 30. Bxa6 Bd3 31. Bxd3 Rxd3 32. Kh1 Rbd8 33. Bd4
g6 34. Bg1 Qh5 35. b4 Rd1 36. a4 Qf5 37. a5 Qb5 38. Rf2 Be3 39. Ra2 Qxb4 40. a6
Bxg1 41. Nxg1 Qb1 0-1

[Event "GBR-ch78"]
[Site "Eastbourne"]
[Date "1991.08.06"]
[Round "8.6"]
[White "Rayner, Francis"]
[Black "Howell, James C"]
[Result "1/2-1/2"]
[WhiteElo "2265"]
[BlackElo "2455"]
[PlyCount "91"]
[EventDate "1991.07.29"]
[EventType "swiss"]
[EventRounds "11"]
[EventCountry "GBR"]
[SourceTitle "EXT 1997"]
[Source "ChessBase"]
[SourceDate "1996.11.15"]
[SourceVersion "1"]
[SourceVersionDate "1996.11.15"]
[SourceQuality "1"]

1. e4 c5 2. Nf3 e6 3. d4 cxd4 4. Nxd4 Nf6 5. Nc3 d6 6. f4 a6 7. Qf3 Nbd7 8. Be3
Qc7 9. g4 h6 10. h4 e5 11. Nb3 exf4 12. Qxf4 Ne5 13. Be2 Bxg4 14. Bxg4 Nexg4
15. Bd4 h5 16. O-O-O Be7 17. Rhg1 Rc8 18. Rd2 Kf8 19. Qg5 Rh7 20. Qf5 Qd7 21.
Qf4 Rh6 22. e5 dxe5 23. Bxe5 Qe6 24. Bd4 Nd7 25. Re2 Qd6 26. Qf3 Bxh4 27. Qxb7
Qc6 28. Qb4+ Kg8 29. Na5 Qf3 30. Reg2 Nf8 31. Nb3 Re8 32. Nd1 Ne6 33. Kb1 Nxd4
34. Nxd4 Qf4 35. Qc5 Rd8 36. Nf5 Rhd6 37. Nxd6 Qxd6 38. Qxd6 Rxd6 39. c4 Bf6
40. Re2 Bd4 41. Rh1 g6 42. Kc2 Rc6 43. Kd3 Rd6 44. Kc2 Rc6 45. Kd3 Rd6 46. Kc2
1/2-1/2

[Event "GBR-ch78"]
[Site "Eastbourne"]
[Date "1991.08.06"]
[Round "8.7"]
[White "Ward, Chris R"]
[Black "Lalic, Susan"]
[Result "1-0"]
[WhiteElo "2435"]
[BlackElo "2275"]
[PlyCount "107"]
[EventDate "1991.07.29"]
[EventType "swiss"]
[EventRounds "11"]
[EventCountry "GBR"]
[SourceTitle "EXT 1997"]
[Source "ChessBase"]
[SourceDate "1996.11.15"]
[SourceVersion "1"]
[SourceVersionDate "1996.11.15"]
[SourceQuality "1"]

1. c4 e6 2. Nf3 d5 3. b3 c5 4. e3 Nc6 5. cxd5 exd5 6. Bb5 Bd6 7. O-O Nf6 8.
Bxc6+ bxc6 9. d3 Bg4 10. Nbd2 O-O 11. Qc2 Qe7 12. Re1 Nd7 13. Bb2 Qe6 14. h3
Bh5 15. Qc3 f6 16. d4 Rfc8 17. e4 cxd4 18. Nxd4 Qf7 19. Nf5 Bf8 20. Qg3 Qg6 21.
Qh4 Qg5 22. Qxg5 fxg5 23. exd5 cxd5 24. Bxg7 Bb4 25. Bd4 Bxd2 26. Re7 Rd8 27.
Nh6+ Kf8 28. Rxh7 Bg6 29. Rg7 Bc2 30. Nf7 Re8 31. Nxg5 Re7 32. Ne6+ Rxe6 33.
Rxd7 Rae8 34. f3 Rg6 35. Rxd5 Re2 36. Bf2 Be3 37. Rf1 Bh6 38. Ra5 Be3 39. g4
Rf6 40. Bxe3 Rxe3 41. Rxa7 Rfxf3 42. Rxf3+ Rxf3 43. Kh2 Bb1 44. b4 Rf2+ 45. Kg3
Rxa2 46. Rxa2 Bxa2 47. b5 Ke7 48. h4 Kd6 49. Kf4 Kc5 50. g5 Kxb5 51. g6 Kc6 52.
h5 Bb1 53. Kg5 Kd6 54. h6 1-0

[Event "GBR-ch78"]
[Site "Eastbourne"]
[Date "1991.08.06"]
[Round "8.9"]
[White "Mortazavi, Ali"]
[Black "Norwood, David"]
[Result "0-1"]
[WhiteElo "2275"]
[BlackElo "2500"]
[PlyCount "78"]
[EventDate "1991.07.29"]
[EventType "swiss"]
[EventRounds "11"]
[EventCountry "GBR"]
[SourceTitle "EXT 1997"]
[Source "ChessBase"]
[SourceDate "1996.11.15"]
[SourceVersion "1"]
[SourceVersionDate "1996.11.15"]
[SourceQuality "1"]

1. e4 g6 2. d4 d6 3. Nc3 c6 4. Be3 Bg7 5. Nf3 Nd7 6. Qd2 e5 7. O-O-O Qe7 8. Kb1
Ngf6 9. Bh6 O-O 10. Bxg7 Kxg7 11. h4 b5 12. Bd3 b4 13. Ne2 exd4 14. Nexd4 c5
15. Nc6 Qe8 16. h5 Ng4 17. Qf4 Nde5 18. Ncxe5 dxe5 19. Qg3 h6 20. Bc4 g5 21.
Rd6 Qe7 22. Rhd1 Rb8 23. Ba6 Bxa6 24. Qxg4 Be2 25. Rd7 Rfd8 26. Qf5 Rxd7 27.
Rxd7 Rd8 28. Qxe5+ Qxe5 29. Nxe5 Rxd7 30. Nxd7 c4 31. Kc1 c3 32. a3 bxa3 33.
bxa3 Bxh5 34. Nc5 Be2 35. e5 Bf1 36. g3 Kg6 37. Ne4 h5 38. Kd1 h4 39. Ke1 Bg2
0-1